• 首页
  • 本馆介绍
  • 公告通知
  • 最新文献
  • 馆藏检索
  • 电子资源
  • 读者导购
  • 参考咨询
  • 我的图书馆
  • 登录
  • 详细信息显示
  • 放入我的书架
  • 预约/预借图书
  • 作者相关作品
  • 分类相关作品
  • 丛书相关作品
  • 出版社相关作品

书目信息

  • 表格格式
  • 工作单格式
  • 卡片格式
题名:
数学简史
    
 
作者: 克莱因 著 ;李宏魁 译
分册:  
出版信息: 北京   中信出版集团股份有限公司  2019
页数: 450页
开本: 24cm
丛书名:
单 册:
中图分类: O11-49 , O11-49
科图分类:
主题词: 数学史--shu xue shi--普及读物
电子资源:
ISBN: 978-7-5086-9370-5
000 01193nam0 2200301 450
001 1957686173
005 20190506162018.9
010    @a978-7-5086-9370-5@dCNY 78.00
099    @aCAL 012019058252
100    @a20190416d2019 em y0chiy50 ea
101 1  @achi@ceng
102    @aCN@b110000
105    @aa a 001yy
200 1  @a数学简史@Ashu xue jian shi@e确定性的消失@f(美) 莫里斯·克莱因著@d= Mathematics@ethe loss of certainty@fMorris Kline@g李宏魁译@zeng
210    @a北京@c中信出版集团股份有限公司@d2019
215    @a450页@c图@d24cm
305    @a据原书1980年英文版译出
320    @a有书目 (第430-437页) 和索引
330    @a本书探讨数千年来数学在直觉、逻辑、应用之间穿梭往复的演化过程,再现数学真实的发展历程,阐述数学的起源、数学的繁荣和科学的数学化,直到当代数学的现状:数学与确定性(逻辑、严密性、完备性)渐行渐远。
500 10 @aMathematics : the loss of certainty@mChinese
517 1  @a确定性的消失@Aque ding xing de xiao shi
606 0  @a数学史@Ashu xue shi@j普及读物
690    @aO11-49@v5
690    @aO11-49@v4
701  1 @a克莱因@Ake lai yin@g(Kline, Morris)@4著
702  0 @a李宏魁@Ali hong kui@4译
801  0 @aCN@bNJU@c20190506
905    @aBZT@dO11-49@e7
    
    数学简史:确定性的消失/(美) 莫里斯·克莱因著= Mathematics:the loss of certainty/Morris Kline/李宏魁译.-北京:中信出版集团股份有限公司,2019
    450页:图;24cm
    
    
    ISBN 978-7-5086-9370-5:CNY 78.00
    本书探讨数千年来数学在直觉、逻辑、应用之间穿梭往复的演化过程,再现数学真实的发展历程,阐述数学的起源、数学的繁荣和科学的数学化,直到当代数学的现状:数学与确定性(逻辑、严密性、完备性)渐行渐远。
●
相关链接 在五车中查询图书 在当当中查询图书 在豆瓣中查询图书


正题名:数学简史     索取号:O11-49/7         预约/预借

序号 登录号 条形码 馆藏地/架位号 状态 备注
1 865141   2000865141   第二书库/ [索取号:O11-49/7] 在馆    
2 865142   2000865142   第二书库/ [索取号:O11-49/7] 在馆    
3 865143   2000865143   第二书库/ [索取号:O11-49/7] 在馆    
山东省滨州职业学院图书馆 欢迎您!
大连网信软件有限公司© 版权所有